| 000 | 00430nam a2200169 a 4500 | ||
|---|---|---|---|
| 001 | 19383 | ||
| 005 | 20180713212822.0 | ||
| 008 | 140415s1969 000 0 spa d | ||
| 041 | _aspa | ||
| 082 |
_a362.296 _bTER |
||
| 100 | 1 | _aTERRY, LUTHER L. | |
| 245 | 1 | 0 | _aFUMAR O NO FUMAR |
| 260 |
_a[s.l.] : _bCANTABRIA, _c1969 |
||
| 300 | _a57 | ||
| 650 | 1 | 4 |
_aHABITO DE FUMAR _xTABACO |
| 700 | 1 |
_aHORN, DANIEL _ecoaut. |
|
| 999 |
_c19383 _d19383 |
||